The Oechard book of nursey rhymes

Bibliographic Details
Main Author: Jaques, Faith
Other Authors: Sutherland, Zena
Format: Book
Published: London : Orchard Books , 1993
Subjects:

MARC

LEADER 00000cam a2200000 7i4500
001 0000003059
002 000003312
005 20000330.0
020 |a 1852130563 
090 0 0 |a 398.8   |b JAQ 
100 1 |a Jaques, Faith 
245 1 4 |a The Oechard book of nursey rhymes   |c Faith Jaques ; rhymes chosen by Zena Sutherland 
260 |a London :   |b Orchard Books ,   |c 1993 
300 |a 88 p. :   |b ill. ;   |c 20 cm. 
650 0 0 |a Children's poetry 
650 0 0 |a Nursery rhymes   |x Juvenile literature 
700 1 |a Sutherland, Zena 
999 |a 036037   |b BUKU   |c PINJAMAN   |e PERPUSTAKAAN KOMUNITI PETALING JAYA